Statistiques concernant Plus grandes villes d'Australie - Carte

Cliquez ici pour prendre le quiz!

Statistiques générales

  • Ce quiz a été pris 525 fois
  • Le résultat moyen est 8 sur 23

Réponses sur la Carte

Les réponses sont colorées sur une échelle allant du rouge au vert en fonction du pourcentage des utilisateurs qui les ont devinées à leur premier essai. Vous pouvez retrouver ces pourcentages ci-dessous.
 

Statistiques - réponses

PopulationVille% Correct
4,914,343Sydney
99%
4,893,870Melbourne
95%
462,136Canberra
91%
2,045,479Perth
91%
2,430,180Brisbane
81%
1,340,794Adelaide
78%
133,331Darwin
58%
216,682Hobart
40%
693,671Gold Coast
34%
153,951Cairns
33%
491,474Newcastle
25%
181,668Townsville
17%
306,034Wollongong
16%
275,794Geelong
12%
341,069Sunshine Coast
12%
88,178Launceston
10%
80,264Mackay
9%
94,837Albury
7%
74,591Bunbury
7%
138,223Toowoomba
7%
100,991Bendigo
6%
79,081Rockhampton
6%
107,652Ballarat
5%

Distribution des résultats

Percentile par nombre de réponses

% des personnes avec chaque résultat

Votre développement - résultats

Vous n’avez pas pris ce quiz